| 000 | 02076nam0a2200361 4500 | ||
|---|---|---|---|
| 001 | RU\NLR\bibl\1900304 | ||
| 005 | 20260607071411.0 | ||
| 010 |
_a978-5-93898-357-1 _91150 |
||
| 021 |
_aRU _b2012-28103 _92091 |
||
| 035 | _a(NLR Aleph) 001889942 | ||
| 090 |
_a2906033 _c2906033 |
||
| 100 | _a20120504d2012 |||y0rusy50 ca | ||
| 101 | 0 | _arus | |
| 102 | _aRU | ||
| 105 | _aa ||||||||| | ||
| 200 | 1 |
_aЗаписки из подполья _aИгрок _eроман (Из записок молодого человека) _fФедор Достоевский _g[примеч. Б.Н. Тихомирова] _g54 ил. Александра Алексеева |
|
| 210 |
_aСанкт-Петербург _cВита Нова _d2012 |
||
| 215 |
_a508, [2] с. _cил., портр. _d25 |
||
| 225 | 1 |
_aФамильная библиотека _iПарадный зал |
|
| 327 | 1 | _aВ прил.: Герои Достоевского в подполье и за рулеткой. Письма Ф.М. Достоевского (1863-1865) / Б. Тихомиров. Александр Алексеев: очерк творчества / А. Дмитренко. Игольчатый экран / К. Паркер | |
| 604 |
_1200#1$aАлексеев$bА.А.$gАлександр Александрович$f1901 - 1982 _12351#$aКнижные иллюстрации _aАлексеев, Александр Александрович (1901 - 1982) _tКнижные иллюстрации _3RU\NLR\AUTH\661554694 _92618134 |
||
| 686 | _aШ6(2=Р)52-4 | ||
| 686 | _aЩ153(4Фр)6-8Алексеев475 | ||
| 700 | 1 |
_4070 _7ca _8rus _aДостоевский _bФ. М. _f1821-1881 _gФедор Михайлович _9110876 _3RU\NLR\auth\77838 |
|
| 702 | 1 |
_4440 _7ca _8rus _aАлексеев _bА. А. _cхудожник, иллюстратор _f1901-1982 _gАлександр Алексеевич _946111 _3RU\NLR\AUTH\7763181 |
|
| 801 | 0 |
_aRU _bNLR _c20120504 _gRCR |
|
| 801 | 1 |
_aRU _bNLR _c20120504 |
|
| 942 | _cBOOK | ||
| 980 | _aNBR | ||
| 980 | _aNB | ||